000 00404nam a22001817a 4500
003 CEME
005 20210628203412.0
008 210118b xxu||||| |||| 00| 0 eng d
020 _a0-03-025544-9
040 _cceme
082 _a030 WAT
100 _aHolt
_965222
245 _aWater on earth
260 _aUK
_bHOLT
_c2005
300 _a148P
650 _aWATER ON EARTH
_965223
942 _cBK
_2ddc
999 _c573501
_d573501